Renamed Companies Quiz Stats

 Plays Quiz Updated Mar 29, 2019

Score 0/23 Timer 05:00
1 Play Today
Old Name Current Name % Correct
CingularAT&T
75.8%
AuctionWebeBay
61%
Pemberton Medicine CompanyCoca-Cola
58.8%
Standard OilExxon, Esso, Chevron or BP
58.4%
National Biscuit CompanyNabisco
42.9%
Bell AtlanticVerizon
41.8%
Swedish Aeroplane CompanySaab
36%
NationsBankBank of America
30%
Digital (DEC)HP
28.3%
Minnesota Mining & Manufacturing3M
24.7%
MacromediaAdobe
15.9%
ValuJetAirTran
12.6%
Old Name Current Name % Correct
Standard GamesSega
12.3%
NM ElectronicsIntel
10.5%
Cadabra.comAmazon
9.2%
Andersen ConsultingAccenture
8.7%
BlackwaterXe
6.7%
Philip MorrisAltria
6.6%
Haloid Photographic CompanyXerox
4.7%
Galvin Manufacturing CorporationMotorola
4.1%
Connecticut Leather CompanyColeco
2.7%
Holt ManufacturingCaterpillar
1.3%
Cowpland Research LaboratoryCorel
1.3%

You're not logged in!

Compare scores with friends on all Sporcle quizzes.
OR
Log In

Sporcle TV

Today on Sporcle TV


Watch our educational content, quiz creation guides, and fun videos on Sporcle TV.

Show Comments

Extras

Top Quizzes Today


Score Distribution

Your Account Isn't Verified!

In order to create a playlist on Sporcle, you need to verify the email address you used during registration. Go to your Sporcle Settings to finish the process.

Report this User

Report this user for behavior that violates our Community Guidelines.

Details: